[Event "4NCL Division 1a"]
[Site "Hinckley Island ENG"]
[Date "2014.02.16"]
[Round "6.131"]
[White "Wallace, John Paul"]
[Black "Gormally, Daniel W"]
[Result "1-0"]
[WhiteElo "2391"]
[BlackElo "2506"]
[PlyCount "59"]
[EventDate "2014.02.16"]
[WhiteTeam "Kings Head 1"]
[BlackTeam "Blackthorne Russia"]

1. d4 Nf6 2. c4 g6 3. f3 Nc6 4. d5 Ne5 5. e4 d6 6. Nc3 Bg7 7. f4 Ned7 8. Nh3
O-O 9. Be2 c6 10. Be3 cxd5 11. cxd5 b5 12. a3 a6 13. O-O Nb6 14. Nf2 e6 15.
dxe6 Bxe6 16. Bd4 Rc8 17. g4 Bc4 18. g5 Bxe2 19. Nxe2 Nh5 20. Bxg7 Nxg7 21. Ng4
Nc4 22. Qb3 h5 23. Nf6+ Kh8 24. Rad1 Qb6+ 25. Rf2 Qa7 26. Rd3 Ne6 27. Rh3 Nd4
28. Qd1 Nxe2+ 29. Qxe2 Kg7 30. b3 1-0

[Event "4NCL Division 1a"]
[Site "Hinckley Island ENG"]
[Date "2014.02.16"]
[Round "6.132"]
[White "Ledger, Andrew J"]
[Black "Snuverink, Jochem"]
[Result "1-0"]
[WhiteElo "2391"]
[BlackElo "2354"]
[PlyCount "143"]
[EventDate "2014.02.16"]
[WhiteTeam "Blackthorne Russia"]
[BlackTeam "Kings Head 1"]

1. c4 Nf6 2. g3 c6 3. b3 d5 4. Bb2 Bf5 5. Nf3 h6 6. Bg2 e6 7. O-O Nbd7 8. d3
Bc5 9. Nbd2 O-O 10. a3 a5 11. Qe1 Bh7 12. e4 dxe4 13. dxe4 e5 14. Qe2 Re8 15.
h3 Qb6 16. Rab1 Rad8 17. Rfd1 Bd4 18. Nxd4 exd4 19. b4 axb4 20. axb4 Nf8 21. f3
Nh5 22. Qf2 Ne6 23. f4 f5 24. Re1 Nf6 25. e5 Ne4 26. Nxe4 fxe4 27. Bxe4 Bxe4
28. Rxe4 Qxb4 29. h4 d3 30. Rd1 d2 31. Ba1 Nc5 32. Re3 Nb3 33. Bc3 Qxc4 34. f5
Rd3 35. f6 Rxe3 36. Qxe3 Qg4 37. Rf1 d1=Q 38. f7+ Kf8 39. Bb4+ Qxb4 40. fxe8=Q+
Kxe8 41. Rxd1 Qc5 42. Qxc5 Nxc5 43. Kf2 Nd7 44. Rd6 Ke7 45. Rg6 Kf8 46. e6 Nf6
47. Ke3 c5 48. e7+ Kf7 49. e8=Q+ Nxe8 50. Rb6 Nf6 51. Rxb7+ Kg6 52. Kf3 h5 53.
Rc7 Kh6 54. Rxc5 g6 55. Kf4 Ng4 56. Rc6 Nh2 57. Ke5 Ng4+ 58. Ke6 Kg7 59. Rc7+
Kh6 60. Rc5 Kg7 61. Ra5 Ne3 62. Rb5 Ng4 63. Rb7+ Kh6 64. Kf7 Kh7 65. Re7 Kh6
66. Re2 Kh7 67. Re6 Nh6+ 68. Kf6 Nf5 69. Kg5 Nxg3 70. Re7+ Kg8 71. Kxg6 Kh8 72.
Re8# 1-0

[Event "4NCL Division 1a"]
[Site "Hinckley Island ENG"]
[Date "2014.02.16"]
[Round "6.133"]
[White "McMichael, Richard J"]
[Black "Webb, Laurence E"]
[Result "1-0"]
[WhiteElo "2207"]
[BlackElo "2266"]
[PlyCount "167"]
[EventDate "2014.02.16"]
[WhiteTeam "Kings Head 1"]
[BlackTeam "Blackthorne Russia"]

1. b3 e5 2. Bb2 Nc6 3. e3 d6 4. Nf3 Bg4 5. Be2 f5 6. h3 Bxf3 7. Bxf3 Nf6 8. g4
Qd7 9. Nc3 d5 10. gxf5 O-O-O 11. Qe2 e4 12. Bg2 Qxf5 13. Nb5 Bc5 14. O-O-O a6
15. Nc3 d4 16. Na4 Ba7 17. f3 d3 18. cxd3 exd3 19. Qf2 Nd5 20. f4 Rhe8 21. Bxd5
Qxd5 22. Rhg1 g6 23. Rg5 Qf7 24. Kb1 Rd5 25. Qg2 Rxg5 26. Qxg5 Kb8 27. Bc3 Qe6
28. h4 Qe4 29. Nc5 Bxc5 30. Qxc5 Rd8 31. Rc1 Rd7 32. Bf6 Qe8 33. Qc4 Qf8 34.
Bb2 a5 35. Qb5 Qd6 36. a3 Rf7 37. Rc5 Qe6 38. Qxd3 Rd7 39. Qc2 Qg4 40. Rb5 Qg2
41. Bc1 b6 42. h5 Ne7 43. Re5 Nf5 44. hxg6 hxg6 45. Qe4 Qxe4+ 46. Rxe4 Kb7 47.
Kc2 c5 48. Bb2 Kc6 49. Re6+ Rd6 50. Re8 Kd7 51. Rg8 Ne7 52. Rg7 Re6 53. Be5 Kc6
54. Rf7 b5 55. e4 Ng8 56. Rc7+ Kb6 57. Rg7 Ne7 58. d4 cxd4 59. Bxd4+ Kc6 60.
Kd3 Kd6 61. Rf7 Kc6 62. Rf6 Kd7 63. a4 bxa4 64. bxa4 Rxf6 65. Bxf6 Nc8 66. Kc4
Kc6 67. Bd8 Nd6+ 68. Kd4 Nb7 69. Be7 Kd7 70. Ba3 Nd8 71. Ke5 Ne6 72. f5 gxf5
73. exf5 Ng5 74. Bc1 Nf7+ 75. Kd5 Nd6 76. f6 Nf5 77. Bd2 Ke8 78. Bxa5 Kf7 79.
Bd8 Ne3+ 80. Kc5 Ke8 81. Be7 Ng4 82. a5 Kd7 83. a6 Kc8 84. f7 1-0

[Event "4NCL Division 1a"]
[Site "Hinckley Island ENG"]
[Date "2014.02.16"]
[Round "6.134"]
[White "Duncan, Chris R"]
[Black "Guthrie, David W"]
[Result "1-0"]
[WhiteElo "2317"]
[BlackElo "2236"]
[PlyCount "115"]
[EventDate "2014.02.16"]
[WhiteTeam "Blackthorne Russia"]
[BlackTeam "Kings Head 1"]

1. Nf3 Nf6 2. c4 g6 3. Nc3 Bg7 4. e4 d6 5. d4 O-O 6. Be2 e5 7. O-O Nbd7 8. Be3
Re8 9. d5 Nh5 10. Re1 Nf4 11. Bf1 Nf6 12. h3 h6 13. c5 g5 14. cxd6 cxd6 15. Nd2
g4 16. hxg4 Nxg4 17. Bxf4 exf4 18. Nf3 Nxf2 19. Qd2 Ng4 20. Nd1 f5 21. Qxf4
fxe4 22. Rxe4 Rxe4 23. Qxe4 Qb6+ 24. Kh1 Bd7 25. Rc1 Rf8 26. Bd3 Bf5 27. Qe2
Bxd3 28. Qxd3 Qf2 29. Rc2 Qg3 30. Qe4 Ne5 31. Rc3 Nxf3 32. Rxf3 Rxf3 33. gxf3
Be5 34. Qg4+ Qxg4 35. fxg4 Kg7 36. Kg2 Kf6 37. Kf3 Kg5 38. b3 b5 39. Nf2 a5 40.
a4 bxa4 41. bxa4 h5 42. Ne4+ Kg6 43. gxh5+ Kxh5 44. Nd2 Bc3 45. Nc4 Bb4 46. Kf4
Kg6 47. Nb6 Kf6 48. Ke4 Bc5 49. Nd7+ Ke7 50. Nb8 Kf6 51. Kd3 Kf5 52. Nd7 Bb4
53. Kd4 Be1 54. Kc4 Ke4 55. Nb8 Bd2 56. Nc6 Be1 57. Nd8 Bf2 58. Nb7 1-0

[Event "4NCL Division 1a"]
[Site "Hinckley Island ENG"]
[Date "2014.02.16"]
[Round "6.135"]
[White "Kwiatkowski, Feliks J"]
[Black "Nelson, Jonathan P"]
[Result "1/2-1/2"]
[WhiteElo "2221"]
[BlackElo "2231"]
[PlyCount "79"]
[EventDate "2014.02.16"]
[WhiteTeam "Kings Head 1"]
[BlackTeam "Blackthorne Russia"]

1. e4 d6 2. d4 Nf6 3. Nc3 g6 4. g3 Bg7 5. Bg2 Nc6 6. h3 O-O 7. Nge2 e5 8. Be3
Bd7 9. O-O exd4 10. Nxd4 Re8 11. Re1 Qc8 12. Kh2 Re5 13. Nxc6 bxc6 14. g4 Rb8
15. Bd4 Re8 16. Rb1 c5 17. Be3 h5 18. g5 Nh7 19. Qd2 Bc6 20. b3 Bxc3 21. Qxc3
Bxe4 22. Bc1 Bxg2 23. Rxe8+ Qxe8 24. Bb2 Qe5+ 25. Qxe5 dxe5 26. Kxg2 Nxg5 27.
Bxe5 Ne6 28. Rd1 Kf8 29. Bf6 Rb6 30. Kf3 Rd6 31. Rxd6 cxd6 32. Ke4 Ke8 33. f4
Kd7 34. c4 Nf8 35. Kd5 Ne6 36. Ke4 Kc6 37. f5 gxf5+ 38. Kxf5 d5 39. cxd5+ Kxd5
40. Bb2 1/2-1/2

[Event "4NCL Division 1a"]
[Site "Hinckley Island ENG"]
[Date "2014.02.16"]
[Round "6.136"]
[White "Ledger, Dave J"]
[Black "Okike, David C"]
[Result "1-0"]
[WhiteElo "2242"]
[BlackElo "2162"]
[PlyCount "105"]
[EventDate "2014.02.16"]
[WhiteTeam "Blackthorne Russia"]
[BlackTeam "Kings Head 1"]

1. e4 c5 2. Nf3 Nc6 3. d4 cxd4 4. Nxd4 Nf6 5. Nc3 d6 6. Bg5 Bd7 7. Qd2 Nxd4 8.
Qxd4 Bc6 9. O-O-O Qa5 10. h4 a6 11. Kb1 e5 12. Qd2 b5 13. Bxf6 gxf6 14. Nd5
Qxd2 15. Rxd2 Bxd5 16. Rxd5 Rg8 17. g3 Ke7 18. Bh3 Bg7 19. Rhd1 Rgd8 20. R1d3
Ra7 21. Rc3 Bf8 22. Rc6 Ke8 23. Bc8 b4 24. Bxa6 Rb8 25. Rc8+ Rxc8 26. Bxc8 Ra8
27. Bf5 h6 28. Rb5 d5 29. Rxd5 Rd8 30. h5 Bc5 31. f3 Bf2 32. g4 Be3 33. Rxd8+
Kxd8 34. c3 bxc3 35. bxc3 Kc7 36. Kc2 Kc6 37. Kd3 Bb6 38. Kc4 Ba5 39. Bg6 Kb6
40. Bxf7 Kc6 41. Be8+ Kd6 42. Bb5 Ke7 43. Bc6 Kd6 44. Bd5 Kc7 45. f4 Kd6 46. g5
fxg5 47. fxg5 hxg5 48. h6 Bd8 49. h7 Bf6 50. Kd3 Ke7 51. a4 Kd7 52. Ke3 g4 53.
Kf2 1-0

[Event "4NCL Division 1a"]
[Site "Hinckley Island ENG"]
[Date "2014.02.16"]
[Round "6.137"]
[White "Balaji, Ananthanarayanan"]
[Black "Ledger, Stephen C"]
[Result "1-0"]
[WhiteElo "1964"]
[BlackElo "2081"]
[PlyCount "51"]
[EventDate "2014.02.16"]
[WhiteTeam "Kings Head 1"]
[BlackTeam "Blackthorne Russia"]

1. d4 Nf6 2. Nf3 c5 3. d5 b5 4. Bg5 Qb6 5. Bxf6 Qxf6 6. c3 g6 7. e4 Qb6 8. Nbd2
a6 9. Be2 Bg7 10. O-O O-O 11. a4 b4 12. Nc4 Qb7 13. cxb4 Qxb4 14. e5 e6 15. a5
Qb7 16. Nb6 Ra7 17. Rc1 exd5 18. Rxc5 Nc6 19. Rxd5 Qc7 20. Rc5 Re8 21. Bc4 Bxe5
22. Qd5 Qd8 23. Qxf7+ Kh8 24. Nxc8 Qxc8 25. Nxe5 Rxe5 26. Qf6# 1-0

[Event "4NCL Division 1a"]
[Site "Hinckley Island ENG"]
[Date "2014.02.16"]
[Round "6.141"]
[White "Zakarian, David"]
[Black "Grund, Holger"]
[Result "1-0"]
[WhiteElo "2406"]
[BlackElo "2428"]
[PlyCount "75"]
[EventDate "2014.02.16"]
[WhiteTeam "Oxford 1"]
[BlackTeam "Grantham Sharks 1"]

1. d4 d5 2. c4 dxc4 3. e3 c5 4. Bxc4 cxd4 5. Nf3 Qc7 6. Bb3 dxe3 7. Bxe3 e6 8.
O-O Nf6 9. Nc3 a6 10. Rc1 Nc6 11. Na4 Bd6 12. Qd2 Ng4 13. Bb6 Qb8 14. Qg5 Nxh2
15. Rxc6 O-O 16. Rxd6 Nxf3+ 17. gxf3 Qxd6 18. Bc5 Qd8 19. Be7 f6 20. Qc5 Qe8
21. Rd1 Bd7 22. Rxd7 Qxd7 23. Nb6 Qd3 24. Bxe6+ Kh8 25. Bxf8 Re8 26. Bd6 Qg6+
27. Bg3 f5 28. Bxf5 Qh5 29. Kg2 h6 30. Nd7 b6 31. Qc2 Re1 32. Bh3 Qb5 33. Qc8+
Kh7 34. Nf8+ Kh8 35. Ne6+ Kh7 36. Bf5+ g6 37. Qc7+ Kg8 38. Qg7# 1-0

[Event "4NCL Division 1a"]
[Site "Hinckley Island ENG"]
[Date "2014.02.16"]
[Round "6.142"]
[White "Ghasi, Ameet K"]
[Black "Rose, Matthew"]
[Result "1/2-1/2"]
[WhiteElo "2471"]
[BlackElo "2307"]
[PlyCount "94"]
[EventDate "2014.02.16"]
[WhiteTeam "Grantham Sharks 1"]
[BlackTeam "Oxford 1"]

1. Nf3 Nf6 2. g3 g6 3. Bg2 Bg7 4. O-O O-O 5. d4 d5 6. Nbd2 Nc6 7. c4 a5 8. cxd5
Nxd5 9. Nc4 Bg4 10. Nfe5 Nxe5 11. Nxe5 Be6 12. f4 c6 13. e4 Nb6 14. Be3 Nc4 15.
Nxc4 Bxc4 16. Rf2 Qd7 17. Rc1 Ba6 18. Rd2 Qe6 19. b3 Rfd8 20. e5 Rac8 21. g4
Qd7 22. d5 cxd5 23. Rxd5 Qe8 24. Rxc8 Rxc8 25. Rd7 g5 26. Bxb7 Bxb7 27. Rxb7
gxf4 28. Bxf4 Qc6 29. Rd7 Bf8 30. Be3 Qe4 31. Kf2 Qxe5 32. Rd5 Qxh2+ 33. Kf3
Qh3+ 34. Kf2 Rc2+ 35. Rd2 Rc6 36. g5 Qh4+ 37. Kg2 Re6 38. Qf3 h6 39. Rf2 Qe4
40. Qxe4 Rxe4 41. Kf3 Re6 42. Rc2 hxg5 43. Bxg5 Bg7 44. Rc5 a4 45. bxa4 Bd4 46.
Rc4 Bb6 47. Re4 Kf8 1/2-1/2

[Event "4NCL Division 1a"]
[Site "Hinckley Island ENG"]
[Date "2014.02.16"]
[Round "6.143"]
[White "Harvey, Marcus R"]
[Black "Roberson, Peter T"]
[Result "0-1"]
[WhiteElo "2279"]
[BlackElo "2380"]
[PlyCount "72"]
[EventDate "2014.02.16"]
[WhiteTeam "Oxford 1"]
[BlackTeam "Grantham Sharks 1"]

1. g3 e5 2. c4 Nf6 3. Bg2 Nc6 4. Nc3 Bc5 5. d3 d6 6. Nf3 h6 7. O-O a6 8. a3 O-O
9. b4 Ba7 10. Ne1 Ne7 11. Nc2 Ng6 12. Be3 Bxe3 13. Nxe3 Re8 14. Qd2 Rb8 15.
Rfd1 Ng4 16. Nxg4 Bxg4 17. d4 Qd7 18. dxe5 Nxe5 19. c5 dxc5 20. bxc5 Qxd2 21.
Rxd2 b6 22. f4 Nc4 23. Rd4 Ne3 24. Be4 bxc5 25. Ra4 Rb3 26. Rc1 c4 27. Bc6 Reb8
28. Nd5 Rb1 29. Rxb1 Rxb1+ 30. Kf2 Nd1+ 31. Kg2 c3 32. Rc4 Be6 33. Kf3 Rb3 34.
e3 Nb2 35. Rc5 Nd3 36. Rc4 c2 0-1

[Event "4NCL Division 1a"]
[Site "Hinckley Island ENG"]
[Date "2014.02.16"]
[Round "6.144"]
[White "Rendle, Thomas E"]
[Black "Smallbone, Kieran D"]
[Result "1-0"]
[WhiteElo "2389"]
[BlackElo "2211"]
[PlyCount "59"]
[EventDate "2014.02.16"]
[WhiteTeam "Grantham Sharks 1"]
[BlackTeam "Oxford 1"]

1. e4 c6 2. d4 d5 3. Nc3 dxe4 4. Nxe4 Bf5 5. Ng3 Bg6 6. h4 h6 7. Nf3 Nd7 8. h5
Bh7 9. Bd3 Bxd3 10. Qxd3 e6 11. Bd2 Ngf6 12. O-O-O Qc7 13. Ne4 O-O-O 14. g3
Nxe4 15. Qxe4 Nf6 16. Qe2 Bd6 17. c4 c5 18. Bc3 cxd4 19. Nxd4 a6 20. Rd2 Rd7
21. Rhd1 Rhd8 22. Nf3 Nxh5 23. Ne5 Bxe5 24. Rxd7 Rxd7 25. Rxd7 Qxd7 26. Qxe5
Nf6 27. Qc5+ Kb8 28. Be5+ Ka8 29. Bd4 b5 30. Qb6 1-0

[Event "4NCL Division 1a"]
[Site "Hinckley Island ENG"]
[Date "2014.02.16"]
[Round "6.145"]
[White "Sanchez, Antonio"]
[Black "Williams, Samuel G"]
[Result "0-1"]
[WhiteElo "2200"]
[BlackElo "2262"]
[PlyCount "137"]
[EventDate "2014.02.16"]
[WhiteTeam "Oxford 1"]
[BlackTeam "Grantham Sharks 1"]

1. Nf3 d5 2. c4 c6 3. g3 Nf6 4. Bg2 e6 5. b3 Nbd7 6. O-O Bd6 7. d3 Qe7 8. Bb2
O-O 9. a3 b6 10. Nbd2 Rd8 11. Ra2 Bb7 12. Qa1 c5 13. e3 a5 14. Rb1 Bc6 15. Bc3
b5 16. cxb5 Bxb5 17. Ne1 Rdb8 18. Nc4 Bc7 19. a4 Bc6 20. Na3 Ra7 21. Nec2 Ne8
22. d4 Rab7 23. Rab2 Nd6 24. dxc5 Nxc5 25. Nd4 Be8 26. Bf1 Nde4 27. Be1 Be5 28.
Nab5 Nd6 29. Bxa5 Nxb5 30. axb5 Qf6 31. Rc2 Ne4 32. Rbc1 h5 33. Qa4 Bxd4 34.
Qxd4 Qxd4 35. exd4 Bxb5 36. Bxb5 Rxb5 37. b4 R8b7 38. Kf1 Nd6 39. Rc5 Nc4 40.
R1xc4 dxc4 41. Ke2 Kf8 42. Kd2 e5 43. d5 Rxc5 44. bxc5 Rb3 45. d6 Ke8 46. Bc3
Rb5 47. Bxe5 Rxc5 48. Bxg7 Kd7 49. Kc3 Ke6 50. Bh6 Rc8 51. Bf4 Kd5 52. f3 Rb8
53. Kc2 Rb7 54. h4 f5 55. Kd2 Rb3 56. Kc2 Ke6 57. Kd2 Rxf3 58. Kc2 Rd3 59. Kb2
Rxd6 60. Kc3 Rc6 61. Be3 Kd5 62. Bf4 Rb6 63. Bc7 Rb3+ 64. Kc2 Ke4 65. Bd6 Kf3
66. Be5 Kg4 67. Kd2 Rd3+ 68. Ke2 Rd5 69. Bf4 0-1

[Event "4NCL Division 1a"]
[Site "Hinckley Island ENG"]
[Date "2014.02.16"]
[Round "6.146"]
[White "Sreeves, Clement"]
[Black "Rawlinson, Aidan M"]
[Result "0-1"]
[WhiteElo "2270"]
[BlackElo "2156"]
[PlyCount "94"]
[EventDate "2014.02.16"]
[WhiteTeam "Grantham Sharks 1"]
[BlackTeam "Oxford 1"]

1. c4 g6 2. g3 Bg7 3. Bg2 Nf6 4. Nc3 O-O 5. e4 d6 6. Nge2 c5 7. O-O Nc6 8. d3
a6 9. h3 Rb8 10. a4 Ne8 11. Be3 Nc7 12. d4 cxd4 13. Nxd4 Ne6 14. Nde2 Nc5 15.
Rb1 Nb4 16. Qd2 Nb3 17. Qd1 Nc5 18. b3 f5 19. Qd2 fxe4 20. Nxe4 Nxe4 21. Bxe4
a5 22. Nf4 Kh8 23. h4 Nc6 24. Rbd1 Ne5 25. f3 b6 26. Qh2 Bf5 27. Bd5 Qc8 28. h5
e6 29. hxg6 Nxg6 30. Bxe6 Qe8 31. Bxf5 Rxf5 32. Rfe1 Ne5 33. Qf2 Qc6 34. Rd5
Rg8 35. Rf1 Bh6 36. Rxe5 dxe5 37. Nd5 Bxe3 38. Nxe3 Rfg5 39. g4 Qf6 40. Rd1 e4
41. Rf1 h5 42. Kh2 Qf4+ 43. Kg2 exf3+ 44. Qxf3 Rxg4+ 45. Nxg4 Rxg4+ 46. Kf2
Qd2+ 47. Qe2 Rg2+ 0-1

[Event "4NCL Division 1a"]
[Site "Hinckley Island ENG"]
[Date "2014.02.16"]
[Round "6.147"]
[White "Hayward, Philip T"]
[Black "Foisor, Veronica"]
[Result "0-1"]
[WhiteElo "1906"]
[BlackElo "2265"]
[PlyCount "94"]
[EventDate "2014.02.16"]
[WhiteTeam "Oxford 1"]
[BlackTeam "Grantham Sharks 1"]

1. c4 c5 2. g3 g6 3. Bg2 Bg7 4. Nc3 Nc6 5. a3 d6 6. Rb1 a5 7. Nf3 e5 8. d3 Nge7
9. O-O Rb8 10. Ne1 Be6 11. Nd5 b5 12. Bg5 h6 13. Bxe7 Nxe7 14. Nxe7 Kxe7 15.
Qc2 Qb6 16. b3 Qa7 17. a4 bxa4 18. bxa4 Rxb1 19. Qxb1 Rb8 20. Qa1 Qb6 21. Nc2
Qb2 22. Na3 Qxa1 23. Rxa1 e4 24. Re1 exd3 25. exd3 Rb3 26. Nb5 Rxd3 27. Nc7 Bc3
28. Bf1 Rxg3+ 29. fxg3 Bxe1 30. Nxe6 fxe6 31. Bg2 Kf6 32. Kf1 Bc3 33. Ke2 Ke5
34. Kd3 Bd4 35. h3 h5 36. Bc6 Bf2 37. Be8 Kf6 38. Ke4 Bxg3 39. Bc6 Bf2 40. Be8
Be1 41. Bc6 g5 42. Be8 g4 43. Bxh5 gxh3 44. Bf3 Kg5 45. Bh1 Kg4 46. Ke3 Kg3 47.
Bc6 h2 0-1

[Event "4NCL Division 1a"]
[Site "Hinckley Island ENG"]
[Date "2014.02.16"]
[Round "6.148"]
[White "MacQueen, Calum"]
[Black "Foster, Chantelle L"]
[Result "1-0"]
[WhiteElo "2228"]
[BlackElo "1876"]
[PlyCount "115"]
[EventDate "2014.02.16"]
[WhiteTeam "Grantham Sharks 1"]
[BlackTeam "Oxford 1"]

1. d4 d5 2. c4 c6 3. Nf3 Nf6 4. Qc2 dxc4 5. Qxc4 Bf5 6. Nc3 e6 7. g3 Nbd7 8.
Bg2 Be7 9. O-O O-O 10. e3 Ne4 11. Nd2 Nxd2 12. Bxd2 Rc8 13. e4 Bg6 14. f4 Nb6
15. Qe2 f5 16. Be3 Bf7 17. Rfe1 Re8 18. Rad1 Qc7 19. Kh1 Rcd8 20. Rc1 Qb8 21.
Bf2 Bf6 22. Red1 Rd7 23. a4 Qd8 24. a5 Na8 25. e5 Be7 26. a6 Qb8 27. Na4 Rc7
28. Nc5 Bxc5 29. dxc5 bxa6 30. Rd6 Qb7 31. Rcd1 h6 32. Be1 Rb8 33. Ba5 Rcc8 34.
b4 Qb5 35. Qxb5 axb5 36. Rxc6 Rxc6 37. Bxc6 Be8 38. Bxe8 Rxe8 39. Rd7 a6 40. c6
Kh7 41. c7 Rc8 42. Kg2 Kg6 43. Kf3 Re8 44. Ke3 Rc8 45. Kd4 h5 46. h4 Re8 47.
Kc5 Rc8 48. Kd6 Nxc7 49. Bxc7 Ra8 50. Kxe6 Re8+ 51. Kd6 Rf8 52. e6 Re8 53. Bb6
Kf6 54. Bd4+ Kg6 55. Rxg7+ Kh6 56. e7 Rc8 57. Kd7 Rc4 58. Be5 1-0

[Event "4NCL Division 1a"]
[Site "Hinckley Island ENG"]
[Date "2014.03.22"]
[Round "7.111"]
[White "Zakarian, David"]
[Black "Jones, Gawain CB"]
[Result "1/2-1/2"]
[WhiteElo "2404"]
[BlackElo "2651"]
[PlyCount "133"]
[EventDate "2014.03.22"]
[WhiteTeam "Oxford 1"]
[BlackTeam "Guildford 1"]

1. e4 e5 2. Nf3 Nc6 3. Bb5 a6 4. Bxc6 dxc6 5. O-O Bd6 6. d4 exd4 7. Qxd4 f6 8.
Re1 Be6 9. Nc3 Ne7 10. e5 fxe5 11. Qh4 Ng6 12. Qh5 Qd7 13. Nxe5 Bxe5 14. Rxe5
O-O 15. Re1 Bf5 16. Qe2 Rae8 17. Be3 Qf7 18. f3 Re6 19. Qf2 Rfe8 20. Rac1 Ne5
21. b3 Qg6 22. Kh1 Bxc2 23. Qxc2 Qxc2 24. Rxc2 Nd3 25. Rd1 Rxe3 26. Ne4 Nb4 27.
Rcd2 Nd5 28. Kg1 Rf8 29. Rc1 a5 30. Nc5 b6 31. Ne4 Nb4 32. h4 c5 33. Rcd1 h6
34. Rd7 Rf7 35. Rd8+ Kh7 36. h5 a4 37. R1d7 Rxd7 38. Rxd7 Rd3 39. Rxc7 Nd5 40.
Rd7 axb3 41. axb3 Kg8 42. Kf2 Kf8 43. g4 Nb4 44. Rxd3 Nxd3+ 45. Ke3 Nc1 46. Nd2
Ke7 47. f4 Ke6 48. Ke4 Ne2 49. Nf1 Nc1 50. Nd2 Ne2 51. Nf1 Nc3+ 52. Kf3 b5 53.
g5 b4 54. Ne3 Nb5 55. Ke4 Nd4 56. f5+ Kf7 57. gxh6 gxh6 58. Ng4 Kf8 59. Kd3
Nxb3 60. Nxh6 Nd4 61. f6 Ne6 62. Ng4 Nf4+ 63. Kc4 Nxh5 64. Ne5 Nxf6 65. Nd3 Nd7
66. Nxc5 Nxc5 67. Kxb4 1/2-1/2

[Event "4NCL Division 1a"]
[Site "Hinckley Island ENG"]
[Date "2014.03.22"]
[Round "7.112"]
[White "Sadler, Matthew D"]
[Black "Rose, Matthew"]
[Result "1-0"]
[WhiteElo "2645"]
[BlackElo "2311"]
[PlyCount "49"]
[EventDate "2014.03.22"]
[WhiteTeam "Guildford 1"]
[BlackTeam "Oxford 1"]

1. e4 d6 2. d4 Nf6 3. f3 e5 4. d5 Be7 5. c4 a5 6. Be3 O-O 7. Nc3 Na6 8. Qd2 Nc5
9. g3 Nfd7 10. Nh3 a4 11. Nf2 c6 12. Be2 Qa5 13. O-O Nb6 14. Rad1 Qb4 15. Qc1
Bd7 16. dxc6 bxc6 17. Bd2 Nb7 18. Nd5 Nxd5 19. Bxb4 Nxb4 20. f4 Nc5 21. Qc3
Nba6 22. fxe5 dxe5 23. Qxe5 Bf6 24. Qf4 Bxb2 25. Rxd7 1-0

[Event "4NCL Division 1a"]
[Site "Hinckley Island ENG"]
[Date "2014.03.22"]
[Round "7.113"]
[White "Tan, Justin"]
[Black "Van Kampen, Robin"]
[Result "1/2-1/2"]
[WhiteElo "2351"]
[BlackElo "2603"]
[PlyCount "78"]
[EventDate "2014.03.22"]
[WhiteTeam "Oxford 1"]
[BlackTeam "Guildford 1"]

1. e4 c5 2. Nf3 e6 3. d4 cxd4 4. Nxd4 Nc6 5. Nc3 Qc7 6. g3 a6 7. Bg2 Nf6 8. O-O
h5 9. h3 Bc5 10. Nb3 Ba7 11. Bf4 Ne5 12. Qe2 d6 13. Rad1 Bd7 14. Nd4 Rc8 15.
Nf3 Bc5 16. Nxe5 dxe5 17. Bg5 b5 18. Nb1 Ng8 19. Kh1 h4 20. Qg4 Nf6 21. Qf3 Nh7
22. gxh4 Be7 23. Qg3 Nxg5 24. hxg5 Rh5 25. g6 f6 26. Rd2 Kf8 27. Rfd1 Rd8 28.
Bf3 Rg5 29. Qh4 Rxg6 30. Rxd7 Rxd7 31. Rxd7 Qxd7 32. Qh8+ Kf7 33. Bh5 Qd4 34.
Nc3 Qxf2 35. Bxg6+ Kxg6 36. Qe8+ Kh6 37. Qh8+ Kg6 38. Qe8+ Kh6 39. Qh8+ Kg6
1/2-1/2

[Event "4NCL Division 1a"]
[Site "Hinckley Island ENG"]
[Date "2014.03.22"]
[Round "7.115"]
[White "Hayward, Philip T"]
[Black "Hebden, Mark L"]
[Result "0-1"]
[WhiteElo "1899"]
[BlackElo "2545"]
[PlyCount "138"]
[EventDate "2014.03.22"]
[WhiteTeam "Oxford 1"]
[BlackTeam "Guildford 1"]

1. c4 g6 2. g3 Bg7 3. Bg2 Nf6 4. Nc3 O-O 5. d3 e6 6. Nf3 d5 7. O-O Nc6 8. Bd2
d4 9. Ne4 Nxe4 10. dxe4 a5 11. b3 e5 12. Ne1 f5 13. Nd3 fxe4 14. Nc5 b6 15.
Nxe4 Bf5 16. h3 Qe8 17. a3 Ne7 18. b4 axb4 19. axb4 Rxa1 20. Qxa1 Qc6 21. Bg5
Bxe4 22. b5 Qb7 23. f3 Bf6 24. Bxf6 Rxf6 25. fxe4 Rxf1+ 26. Qxf1 Kg7 27. h4 c5
28. Qf3 Ng8 29. Bh3 Nf6 30. Bg2 Qa7 31. Bh3 Qa1+ 32. Kh2 Qb1 33. Qd3 Qe1 34.
Kg2 Kf7 35. Bc8 Ke7 36. Bh3 Qa1 37. Qc2 Qa8 38. Kf3 Qa3+ 39. Qd3 Qc1 40. Kg2
Ne8 41. e3 Qc3 42. Qe2 dxe3 43. Kf3 Nd6 44. Bf1 Nxc4 45. Qxc4 e2+ 46. Qxc3
exf1=Q+ 47. Ke3 Qg1+ 48. Kf3 Qd1+ 49. Kg2 Qe2+ 50. Kh3 Qxe4 51. Qa1 Kf6 52. Kh2
Qe2+ 53. Kh3 Qxb5 54. Qa8 Qd7+ 55. Kh2 Qc7 56. Qf8+ Ke6 57. Qg8+ Kd6 58. Qf8+
Kc6 59. Qf3+ Kd6 60. Qf8+ Qe7 61. Qb8+ Kc6 62. Qa8+ Kb5 63. Qa2 e4 64. Qb3+ Kc6
65. Qa4+ Kb7 66. Qc4 e3 67. Qd5+ Kc7 68. Qa2 Kc6 69. Qa4+ Kb7 0-1

[Event "4NCL Division 1a"]
[Site "Hinckley Island ENG"]
[Date "2014.03.22"]
[Round "7.116"]
[White "Stefanova, Antoaneta"]
[Black "Healey, Michael W"]
[Result "1-0"]
[WhiteElo "2476"]
[BlackElo "2127"]
[PlyCount "161"]
[EventDate "2014.03.22"]
[WhiteTeam "Guildford 1"]
[BlackTeam "Oxford 1"]

1. d4 d5 2. c4 e6 3. Nc3 Be7 4. Bf4 Nf6 5. e3 O-O 6. a3 b6 7. cxd5 Nxd5 8. Bg3
c5 9. Nf3 Bb7 10. Bd3 Nd7 11. e4 cxd4 12. Nxd5 exd5 13. e5 Re8 14. O-O Bf8 15.
Re1 a6 16. b4 a5 17. Rb1 axb4 18. axb4 Ba6 19. Bxa6 Rxa6 20. Nxd4 Nb8 21. e6
fxe6 22. Rxe6 Ra8 23. Qf3 Na6 24. Rxe8 Qxe8 25. Qxd5+ Kh8 26. b5 Nb4 27. Qb3
Qe4 28. Nf3 Ra3 29. Qd1 Nd3 30. Nd2 Qd4 31. Qf3 Kg8 32. Qe4 Qxe4 33. Nxe4 Nb4
34. f3 Rd3 35. Bf2 Nd5 36. Kf1 Kf7 37. Ng5+ Kg6 38. Ne6 Be7 39. Rc1 Kf7 40. Nc7
Nxc7 41. Rxc7 Rd5 42. Bxb6 Rxb5 43. Bd4 g6 44. f4 Rd5 45. Be5 Ke8 46. Ke2 Rd7
47. Rc6 Bd8 48. Ke3 Ra7 49. g4 Kd7 50. Rd6+ Ke7 51. f5 Bc7 52. Re6+ Kf7 53.
Rf6+ Ke7 54. Bd4 Ra3+ 55. Ke4 gxf5+ 56. gxf5 Rh3 57. Ra6 Rxh2 58. f6+ Kf7 59.
Ra7 Rc2 60. Kd3 Rc6 61. Be5 Ke6 62. Bxc7 Kxf6 63. Ke4 Kg6 64. Be5 Kg5 65. Rxh7
Rc4+ 66. Bd4 Kg6 67. Rg7+ Kh6 68. Rg2 Kh7 69. Kd5 Ra4 70. Be5 Ra6 71. Ke4 Rg6
72. Ra2 Rg1 73. Kf5 Rf1+ 74. Bf4 Rg1 75. Rh2+ Kg8 76. Be5 Kf7 77. Rh7+ Kg8 78.
Rd7 Rf1+ 79. Ke6 Rf7 80. Rd1 Rf2 81. Rh1 1-0

[Event "4NCL Division 1a"]
[Site "Hinckley Island ENG"]
[Date "2014.03.22"]
[Round "7.117"]
[White "Foster, Chantelle L"]
[Black "Suarez Real, Alberto"]
[Result "0-1"]
[WhiteElo "1871"]
[BlackElo "2393"]
[PlyCount "74"]
[EventDate "2014.03.22"]
[WhiteTeam "Oxford 1"]
[BlackTeam "Guildford 1"]

1. e4 c5 2. Nf3 g6 3. d4 Bg7 4. Nc3 cxd4 5. Nxd4 Nc6 6. Be3 Nf6 7. Bc4 O-O 8.
Bb3 d6 9. f3 Bd7 10. Qd2 Rc8 11. O-O-O Ne5 12. Kb1 Nc4 13. Bxc4 Rxc4 14. g4 b5
15. h4 b4 16. Nd5 Nxd5 17. exd5 Qa8 18. Ne2 Rfc8 19. Rc1 h5 20. b3 R4c7 21.
Rhg1 hxg4 22. fxg4 a5 23. Nf4 a4 24. Qxb4 Rb7 25. Bb6 Qb8 26. Nd3 Rxb6 27. Qd2
Qa8 28. Nb2 axb3 29. cxb3 Rxc1+ 30. Qxc1 Qxd5 31. Qc2 Rc6 32. Qe2 Bxb2 33. Qxb2
Bxg4 34. Ka1 Bf5 35. Qf2 Rc2 36. Qe3 Qa5 37. a4 Qb4 0-1

[Event "4NCL Division 1a"]
[Site "Hinckley Island ENG"]
[Date "2014.03.22"]
[Round "7.118"]
[White "Flear, Glenn C"]
[Black "Miranda, Nicole M"]
[Result "1-0"]
[WhiteElo "2490"]
[BlackElo "1951"]
[PlyCount "80"]
[EventDate "2014.03.22"]
[WhiteTeam "Guildford 1"]
[BlackTeam "Oxford 1"]

1. d4 d5 2. c4 c6 3. Nc3 Nf6 4. e3 e6 5. Nf3 Nbd7 6. Bd3 dxc4 7. Bxc4 b5 8. Bd3
Bb7 9. O-O Be7 10. e4 b4 11. Na4 O-O 12. e5 Nd5 13. Bd2 Rc8 14. Rc1 h6 15. Qe2
c5 16. Qe4 f5 17. exf6 N7xf6 18. Qxe6+ Kh8 19. Ne5 g5 20. Ng6+ Kg7 21. Nxf8
Qxf8 22. Nxc5 Bxc5 23. Rxc5 Re8 24. Qf5 Ne7 25. Rc7 Kh8 26. Qc5 Ba8 27. Re1
Nfd5 28. Rexe7 Nxe7 29. Qe5+ Qg7 30. Qxg7+ Kxg7 31. Bb5 Rd8 32. Bxb4 Rb8 33.
Rxe7+ Kf6 34. Re5 a6 35. Be7+ Kg7 36. Bc4 Rxb2 37. h3 Rb1+ 38. Kh2 Rc1 39. Bb3
Rf1 40. Kg3 Rg1 1-0